Our Beginning in Wisdom / (Record no. 21569)

MARC details
000 -LEADER
fixed length control field 00475nam a22001697a 4500
003 - CONTROL NUMBER IDENTIFIER
control field BDDh-ASL
005 - DATE AND TIME OF LATEST TRANSACTION
control field 20231015030016.0
008 - FIXED-LENGTH DATA ELEMENTS--GENERAL INFORMATION
fixed length control field 210206s1953 wau||||| |||| 00| 0 eng d
040 ## - CATALOGING SOURCE
Transcribing agency BDDh-ASL
082 ## - DEWEY DECIMAL CLASSIFICATION NUMBER
Classification number 324.4
Item number GHO
100 1# - MAIN ENTRY--PERSONAL NAME
9 (RLIN) 3049
Personal name Ghazzali, Muhammad
245 00 - TITLE STATEMENT
Title Our Beginning in Wisdom /
260 ## - PUBLICATION, DISTRIBUTION, ETC.
Place of publication, distribution, etc. Washington D. C.:
Name of publisher, distributor, etc. American Council of Learned Societies,
Date of publication, distribution, etc. 1953.
300 ## - PHYSICAL DESCRIPTION
Extent 145 p.:
Dimensions 22 cm.
700 1# - ADDED ENTRY--PERSONAL NAME
9 (RLIN) 2940
Personal name Faruqi, Ismail R.
942 ## - ADDED ENTRY ELEMENTS (KOHA)
Source of classification or shelving scheme Dewey Decimal Classification
Koha item type Books
Holdings
Withdrawn status Lost status Source of classification or shelving scheme Damaged status Not for loan Collection code Home library Current library Shelving location Date acquired Source of acquisition Total Checkouts Full call number Barcode Date last seen Copy number Price effective from Koha item type Public note
    Dewey Decimal Classification   Not For Loan Non-fiction Asiatic Society Library Asiatic Society Library General Stacks 02/06/2021 Donated by Prof. Husniara Huq   324.4 GHO 105339 02/06/2021 C-1 02/06/2021 Books RARE

Powered by Koha